Código de Trabajo Actualizado con Reforma Procesal Laboral del año 2016. Concordado con referencias de jurisprudencia. Anotado con comentarios de autor/
El documento consiste en el código de trabajo de Costa Rica, para el año 2017. en el que se actualizo con la Reforma Procesal Laboral del año 2016.
Sparad:
| Institutionell upphovsman: | |
|---|---|
| Materialtyp: | Bok |
| Språk: | Spanish |
| Publicerad: |
San José, Costa Rica
Editorial Juricentro
2016
|
| Ämnen: | |
| Taggar: |
Lägg till en tagg
Inga taggar, Lägg till första taggen!
|
MARC
| LEADER | 00000nam a22000007a 4500 | ||
|---|---|---|---|
| 003 | cru CIDCACS/IIS | ||
| 005 | 20230613104619.0 | ||
| 008 | 220615b2016 cr ||||| |||| 00| 0 spa d | ||
| 020 | |a 978-9977-31-213-2 | ||
| 040 | |c cru IIS | ||
| 090 | |a 04.01.02 C837c. | ||
| 110 | 1 | |9 9208 |a Costa Rica. | |
| 245 | 1 | |a Código de Trabajo |b Actualizado con Reforma Procesal Laboral del año 2016. Concordado con referencias de jurisprudencia. Anotado con comentarios de autor/ |c Fernando Bolaños Céspedes | |
| 260 | |a San José, Costa Rica |b Editorial Juricentro |c 2016 | ||
| 300 | |a 549 páginas | ||
| 520 | 3 | |a El documento consiste en el código de trabajo de Costa Rica, para el año 2017. en el que se actualizo con la Reforma Procesal Laboral del año 2016. | |
| 650 | 0 | 0 | |0 TESAUROS |9 7738 |a LEGISLACION LABORAL |
| 650 | 0 | 0 | |9 1482 |a CODIGO DEL TRABAJO |
| 650 | 0 | 0 | |9 10476 |a REFORMA PROCESAL |
| 650 | 0 | 0 | |9 8588 |a JURISPRUDENCIA |
| 651 | 0 | |9 32 |a COSTA RICA | |
| 942 | |2 z |c LI |h 04.01.02 C837c. |i 18882 |6 040102_C837C_18882 | ||
| 999 | |c 44307 |d 44307 | ||



